| 000 | 00794cam a2200229 a 4500 | ||
|---|---|---|---|
| 001 | 000017340 | ||
| 005 | 20200929165103.0 | ||
| 008 | 910110s1991 nyub b 001 0 eng | ||
| 020 | _a0517574853 | ||
| 040 |
_aDO-SdBNP _cDLC _dDLC _dBNPHU |
||
| 082 |
_annnn _bW362n |
||
| 100 | 1 |
_aWeatherford, Jack, _937989 |
|
| 245 | 1 | 0 |
_aNative roots : _bhow the indians enriched América / _cJack Weatherford. |
| 260 |
_aNew York : _bCrown, _c1991. |
||
| 300 |
_a310 p. : _bmap ; _c23 cm. |
||
| 504 | _aIncludes bibliographical references (p. 289-300) and index. | ||
| 650 | 0 |
_aIndians of north america. _937990 |
|
| 651 | 0 |
_aUnited States _xCivilization _xIndian Influences. _937991 |
|
| 651 | 0 |
_aNorth America _xCivilization _xIndian Influences. _937992 |
|
| 910 | _aCatalogación derivada | ||
| 049 | _aBNGR | ||
| 999 |
_c16865 _d16865 |
||